000 01260cad a22002655a 4500
001 L158491
008 131031s2014 xxk f f 001 0 eng d
035 _a(Sirsi) u158491
041 0 _aeng
110 2 _aRoyal Institution of Chartered Surveyors
_94900
245 0 0 _aMechanisms to increase housing land supply in England and Wales
_h[electronic resource]
260 _aLondon
_bRICS
_c2014
300 _a32p
490 0 _aRICS Research
520 _aBuilding on the recent review by Monk et al. (2013) that identified measures taken successfully in other countries to bring land forward for housing, it showed that in England and Wales many of these mechanisms are already available or in place in some form. This research identifies case study examples where the mechanisms have been used successfully.
650 2 4 _aLAND SUPPLY
651 4 _aEngland and Wales
_y1543-
690 _aPlanning and development
_96259
690 _aResidential property
_96266
700 1 _aBurgess, Gemma
700 1 _aMonk, Sarah
710 1 _aCambridge Centre for Housing and Planning Research
856 4 0 _uhttps://www.propertyresearchtrust.org/uploads/1/3/4/8/134819607/housing_land_supply.pdf
_zAvailable from the Property Research Trust
942 _n0
_2ddc
999 _c115342
_d115342